000 00266nam a22001217a 4500
008 181101b xxu||||| |||| 00| 0 eng d
041 _aeng
080 _a710
100 _a45
101 _aART
245 _aImpressionist Still Life
_cEliza.r.m
942 _2udc
_cBK
999 _c51563
_d51563